Normal view MARC view

Entry Personal Name

Number of records used in: 1

001 - CONTROL NUMBER

  • control field: 1181008

003 - CONTROL NUMBER IDENTIFIER

  • control field: OSt

005 - DATE AND TIME OF LATEST TRANSACTION

  • control field: 20260324130232.0

008 - FIXED-LENGTH DATA ELEMENTS

  • fixed length control field: 260324|| aca||aabn | a|a d

040 ## - CATALOGING SOURCE

  • Original cataloging agency: OSt
  • Transcribing agency: OSt

100 ## - HEADING--PERSONAL NAME

  • Personal name: Kate Williams; Gayle Letherby; Philip Birch; Maureen E Cain

670 ## - SOURCE DATA FOUND

  • Source citation: Work cat.: (OSt)1777006: Kate Williams; Gayle Letherby; Philip Birch; Maureen E Cain, Sex as Crime?
Copyright @ Delhi University Library System